00538nam a2200193Ii 450000100060000000300090000600800410001502000150005604000330007104100080010408200230011210000260013524500410016126400490020230000120025133600260026333700280028933800270031714632CO-ViMGA241108s9999||||xx |||||||||||||| ||und|| a9588156866 aCO-ViMGAbspaerdacCO-ViMGA0 aspa04aR 711.40986120 C651 aEnrique Santos Molano10aColombia 360° :bciudades y pueblos 1aBogotá, Colombia : Villegas Editores, 2006 avolumen atextbtxt2rdacontent aunmediatedbn2rdamedia avolumebnc2rdacarrier